Sultan Noor Ud Din Mehmood Zangi (Record no. 586437)

000 -LEADER
fixed length control field 00370nam a22001337a 4500
020 ## - INTERNATIONAL STANDARD BOOK NUMBER
International Standard Book Number 9789698810054
040 ## - CATALOGING SOURCE
Transcribing agency NUST
082 ## - DEWEY DECIMAL CLASSIFICATION NUMBER
Classification number 297.64 TAL
100 ## - MAIN ENTRY--PERSONAL NAME
Personal name Talib Al Hashmi
9 (RLIN) 82265
245 ## - TITLE STATEMENT
Title Sultan Noor Ud Din Mehmood Zangi
260 ## - PUBLICATION, DISTRIBUTION, ETC.
Place of publication, distribution, etc. Lahore:
Name of publisher, distributor, etc. Taha Publication,
Date of publication, distribution, etc. 2019.
650 ## - SUBJECT ADDED ENTRY--TOPICAL TERM
Topical term or geographic name entry element Islam-Biography-Sultan Noor Ud Din Mehmood Zangi
9 (RLIN) 89560
942 ## - ADDED ENTRY ELEMENTS (KOHA)
Source of classification or shelving scheme
Koha item type Book
Holdings
Withdrawn status Lost status Source of classification or shelving scheme Damaged status Not for loan Permanent Location Current Location Shelving location Date acquired Total Checkouts Full call number Barcode Checked out Date last seen Date last checked out Price effective from Koha item type
          College of Electrical & Mechanical Engineering (CEME) College of Electrical & Mechanical Engineering (CEME) General Stacks 09/08/2021 1 297.64 TAL (KIDS SEC) CEME-50650 02/13/2026 01/14/2026 01/14/2026 09/08/2021 Book
          College of Electrical & Mechanical Engineering (CEME) College of Electrical & Mechanical Engineering (CEME) General Stacks 01/20/2022   297.64 TAL (KIDS SEC) CEME-50649   01/20/2022   01/20/2022 Book
© 2023 Central Library, National University of Sciences and Technology. All Rights Reserved.